UBT Library

CHEMISTRY THE SCIENCE IN CONTEXT (Record no. 59137)

000 -LEADER
fixed length control field 00346nam a22001457a 4500
008 - FIXED-LENGTH DATA ELEMENTS--GENERAL INFORMATION
fixed length control field 221208b ||||| |||| 00| 0 eng d
020 ## - INTERNATIONAL STANDARD BOOK NUMBER
International Standard Book Number 9780393919370
041 ## - LANGUAGE CODE
Language code of text/sound track or separate title eng
080 ## - UNIVERSAL DECIMAL CLASSIFICATION NUMBER
Edition identifier FOURTH EDITION
Universal Decimal Classification number 575
082 ## - DEWEY DECIMAL CLASSIFICATION NUMBER
Classification number 575GIL
100 ## - Rafti
Rafti 13
101 ## - Shkurtesa
Shkurtesa BIOKI
245 ## - TITLE STATEMENT
Title CHEMISTRY THE SCIENCE IN CONTEXT
Statement of responsibility, etc GILBERT R .TH
942 ## - ADDED ENTRY ELEMENTS (KOHA)
Source of classification or shelving scheme
Item type Books
Holdings
Withdrawn status Lost status Source of classification or shelving scheme Damaged status Not for loan Collection code Permanent location Current location Date acquired Total Checkouts Full call number Barcode Date last seen Price effective from Koha item type
          Koleksioni i përgjithshem UBT - Lipjan UBT - Lipjan 12/08/2022   575GIL 002-8000287002601031 12/08/2022 12/08/2022 Books
UBT Library © 2015-2024. All rights reserved University Education for Business and Technology